| 000 | 00000nam##2200000za#4500 |
| 001 | 9.697852 |
| 003 | CaOODSP |
| 005 | 20210624235650 |
| 007 | cr ||||||||||| |
| 008 | 150407|2000||||xxc|||||o f|0| 0 eng|d |
| 040 | |aCaOODSP|beng |
| 043 | |an-cn--- |
| 086 | 1 |aRH64-51/2000E-PDF |
| 110 | 1 |aCanada.|bHuman Resources Development Canada. |bStrategic Policy. |
| 245 | 14|aThe impact of EI on those working less than 15 hours per week : |h[electronic resource]|bfinal report / |cby Arthur Sweetman. |
| 260 | |aOttawa - Ontario : |bHuman Resources Development Canada. |cNovember 2000. |
| 300 | |a69p.|bfigs., tables |
| 504 | |aBibliography. |
| 590 | |a13-12-Supp|b2013-05-10 |
| 690 | 07|aEmployment insurance|2gcpds |
| 775 | 08|tLes répercussions de l'AE sur les personnes qui travaillent moins de 15 heures par semaine : |w(CaOODSP)9.641858 |
| 856 | 40|ahttp://publications.gc.ca|qPDF|s276 KB|uhttps://publications.gc.ca/collections/collection_2013/rhdcc-hrsdc/RH64-51-2000-eng.pdf |
| 986 | |aSP-AH137-11-00E |